[Event "Chess.com Classic Div 1 W"]
[Site "chess.com INT"]
[Date "2024.05.10"]
[Round "1.1"]
[White "Carlsen, Magnus"]
[Black "Ivic, Velimir"]
[Result "1-0"]
[WhiteTitle "GM"]
[BlackTitle "GM"]
[WhiteElo "2830"]
[BlackElo "2596"]
[WhiteFideId "1503014"]
[BlackFideId "950122"]
[EventDate "2024.05.10"]
[EventType "k.o."]

1. e4 c5 2. Nf3 d6 3. d4 cxd4 4. Nxd4 Nf6 5. Nc3 a6 6. Be2 e5 7. Nb3 Be7 8. O-O
O-O 9. Re1 Be6 10. Bf3 Nbd7 11. a4 Rc8 12. Nd2 Nb6 13. a5 Nc4 14. Nxc4 Rxc4 15.
Be3 Qb8 16. Na4 Bd8 17. b3 Rc6 18. Nb6 Bxb6 19. Bxb6 Rc3 20. Re3 Rfc8 21. Rxc3
Rxc3 22. Be3 Qc7 23. Ra2 Qd7 24. Bd2 Rc6 25. c4 Bg4 26. Bxg4 Nxg4 27. f3 Nf6 28.
Be3 Qc7 29. Bb6 Qb8 30. Rd2 Nd7 31. Be3 Qc7 32. Qa1 Nc5 33. Qc3 h6 34. Rd5 Nd7
35. h3 Nf6 36. Rd3 Nd7 37. Kh2 Kh7 38. Qd2 Kg8 39. Bf2 Kh7 40. Be3 Kg8 41. Kg1
Kh7 42. Kh1 Kg8 43. b4 Rxc4 44. Rxd6 Nf6 45. Bc5 Kh7 46. Qd3 Rc1+ 47. Kh2 Qc8
48. Qd2 Rc4 49. Qa2 Ne8 50. Rb6 Rc1 51. Qxf7 1-0

[Event "Chess.com Classic Div 1 W"]
[Site "chess.com INT"]
[Date "2024.05.10"]
[Round "1.1"]
[White "Firouzja, Alireza"]
[Black "Duda, Jan-Krzysztof"]
[Result "0-1"]
[WhiteTitle "GM"]
[BlackTitle "GM"]
[WhiteElo "2738"]
[BlackElo "2734"]
[WhiteFideId "12573981"]
[BlackFideId "1170546"]
[EventDate "2024.05.10"]
[EventType "k.o."]

1. e4 e5 2. Nf3 Nc6 3. Bb5 Nf6 4. d3 Bc5 5. c3 d5 6. Nbd2 dxe4 7. dxe4 O-O 8.
O-O a5 9. h3 Qe7 10. Qc2 Nb8 11. a4 Nbd7 12. Re1 Re8 13. Nf1 c6 14. Be2 Nh5 15.
Bg5 Ndf6 16. Rad1 h6 17. Bc1 Qc7 18. Ne3 Nf4 19. Bf1 Be6 20. Nc4 Ng6 21. Bd2 b5
22. Ne3 bxa4 23. Qxa4 Rab8 24. b4 Bb6 25. Nc4 Bxc4 26. Bxc4 Ra8 27. Qc2 Ra7 28.
g3 Kh7 29. Kg2 Nf8 30. Nxe5 Rxe5 31. f4 Nh5 32. fxe5 Qxe5 33. Qd3 Ng6 34. Qf3
axb4 35. cxb4 Bc7 36. Re3 Nxg3 37. Qxg3 Qd4 38. Qf2 Qxc4 39. Rf3 Qxe4 40. Kg1
Bb6 41. Be3 Ra2 42. Qg3 Nh4 0-1

[Event "Chess.com Classic Div 1 W"]
[Site "chess.com INT"]
[Date "2024.05.10"]
[Round "1.1"]
[White "Lazavik, Denis"]
[Black "Nepomniachtchi, Ian"]
[Result "1-0"]
[WhiteTitle "GM"]
[BlackTitle "GM"]
[WhiteElo "2572"]
[BlackElo "2770"]
[WhiteFideId "13515110"]
[BlackFideId "4168119"]
[EventDate "2024.05.10"]
[EventType "k.o."]

1. d4 Nf6 2. c4 e6 3. Nf3 d5 4. Nc3 Be7 5. Bf4 c5 6. dxc5 Bxc5 7. e3 Nc6 8. cxd5
Nxd5 9. Nxd5 exd5 10. Bd3 Bb4+ 11. Nd2 g5 12. Bg3 h5 13. h3 h4 14. Bh2 d4 15.
Qe2 Be6 16. O-O dxe3 17. Qxe3 Bxd2 18. Qxd2 Qd5 19. Qe3 O-O-O 20. Be4 Qd4 21.
Qf3 Ne5 22. Rac1+ Kd7 23. Qf6 Qxe4 24. Bxe5 Bc4 25. Rfe1 1-0

[Event "Chess.com Classic Div 1 W"]
[Site "chess.com INT"]
[Date "2024.05.10"]
[Round "1.2"]
[White "Duda, Jan-Krzysztof"]
[Black "Firouzja, Alireza"]
[Result "1/2-1/2"]
[WhiteTitle "GM"]
[BlackTitle "GM"]
[WhiteElo "2734"]
[BlackElo "2738"]
[WhiteFideId "1170546"]
[BlackFideId "12573981"]
[EventDate "2024.05.10"]
[EventType "k.o."]

1. d4 f5 2. Nc3 Nf6 3. Bg5 d5 4. e3 e6 5. Nf3 Nbd7 6. Bd3 c5 7. dxc5 Bxc5 8. O-O
O-O 9. Ne2 h6 10. Bh4 Nb6 11. Rc1 Bd7 12. Ne5 Bd6 13. Nxd7 Qxd7 14. Bxf6 Rxf6
15. c4 dxc4 16. Bxc4 Rd8 17. Qb3 Kh7 18. Rfd1 e5 19. Nc3 Nxc4 20. Qxc4 e4 21. g3
Rc8 22. Qd5 b6 23. Nb5 Rxc1 24. Rxc1 Qe7 25. Rc8 Be5 26. Ra8 Qe6 27. Qxe6 Rxe6
28. b4 a5 29. bxa5 bxa5 30. Rxa5 g5 31. Na3 Kg6 32. Nc4 Bf6 33. Rc5 Ra6 34. a3
Be7 35. Re5 Bxa3 36. h3 Ra4 37. Re6+ Kg7 38. Nxa3 Rxa3 39. g4 fxg4 40. hxg4 Ra4
41. Kf1 Rb4 42. Rd6 Rb1+ 43. Kg2 Rb4 44. Rd4 Rxd4 45. exd4 Kg6 46. Kf1 h5 47.
gxh5+ Kxh5 48. d5 Kg6 49. d6 Kf6 50. Ke2 Ke6 51. Ke3 Kxd6 52. Kxe4 Ke6 53. f4
gxf4 54. Kxf4 1/2-1/2

[Event "Chess.com Classic Div 1 W"]
[Site "chess.com INT"]
[Date "2024.05.10"]
[Round "1.2"]
[White "Ivic, Velimir"]
[Black "Carlsen, Magnus"]
[Result "0-1"]
[WhiteTitle "GM"]
[BlackTitle "GM"]
[WhiteElo "2596"]
[BlackElo "2830"]
[WhiteFideId "950122"]
[BlackFideId "1503014"]
[EventDate "2024.05.10"]
[EventType "k.o."]

1. e4 c5 2. Nf3 Nc6 3. Bb5 g6 4. Bxc6 dxc6 5. d3 Qc7 6. a4 e5 7. a5 Nf6 8. Nbd2
Be6 9. b3 h6 10. Nc4 Nd7 11. O-O Bg7 12. Kh1 O-O 13. Ng1 b5 14. axb6 axb6 15.
Rxa8 Rxa8 16. Bb2 b5 17. Ne3 c4 18. bxc4 bxc4 19. d4 Ra2 20. d5 Bxd5 21. Qb1 Ra5
22. exd5 cxd5 23. Bc3 Rc5 24. Qa2 d4 25. Bb4 dxe3 26. Bxc5 Qxc5 27. fxe3 Nf6 28.
Qa8+ Kh7 29. Qb7 Kg8 30. Nf3 e4 31. Nd4 Qa3 32. Nc6 Qd6 33. Qb8+ Qxb8 34. Nxb8
Nd5 35. Re1 Bc3 36. Re2 f5 37. Nc6 Kf7 38. g3 Ke6 39. Kg2 Kd6 40. Nd4 Bxd4 41.
exd4 c3 42. Kf2 Nb4 43. Ke3 Kd5 44. Rf2 Kc4 45. g4 Nd5+ 46. Ke2 f4 47. Rf1 g5
48. Ra1 Ne3 49. Ra4+ Kd5 50. Ra5+ Kxd4 51. Ra4+ Nc4 52. Ra6 e3 53. Rxh6 Ne5 54.
h3 f3+ 55. Ke1 Nc4 56. Rf6 Nd2 57. Kd1 Ke4 58. Ke1 f2+ 59. Ke2 f1=Q+ 60. Rxf1
Nxf1 61. Kxf1 Kf3 62. Ke1 e2 0-1

[Event "Chess.com Classic Div 1 W"]
[Site "chess.com INT"]
[Date "2024.05.10"]
[Round "1.2"]
[White "Nepomniachtchi, Ian"]
[Black "Lazavik, Denis"]
[Result "1-0"]
[WhiteTitle "GM"]
[BlackTitle "GM"]
[WhiteElo "2770"]
[BlackElo "2572"]
[WhiteFideId "4168119"]
[BlackFideId "13515110"]
[EventDate "2024.05.10"]
[EventType "k.o."]

1. e4 e5 2. Nf3 Nc6 3. Bb5 Nf6 4. O-O Nxe4 5. d4 Nd6 6. Ba4 exd4 7. c3 Be7 8.
cxd4 O-O 9. Nc3 Nc4 10. d5 N6e5 11. Bc2 d6 12. Nd4 Bf6 13. Ne4 c5 14. dxc6 bxc6
15. Nxc6 Nxc6 16. Qd3 Bf5 17. Nxf6+ Qxf6 18. Qxf5 Qxf5 19. Bxf5 Nd4 20. Bg4 Ne5
21. Bd1 Nd3 22. Bd2 Rfe8 23. b3 a5 24. g3 h6 25. h4 Rec8 26. Rb1 Nb4 27. a3 Nbc2
28. a4 Rab8 29. Bxa5 Nxb3 30. Bxc2 Rxc2 31. Rfd1 Rc4 32. Bd2 Rxa4 33. Bf4 Rb7
34. Rxd6 Ra1 35. Rxa1 Nxa1 36. Rc6 Nb3 37. Be3 Rd7 38. Rc4 Nd2 39. Rf4 Nb1 40.
Bd4 Nd2 41. Be3 Nb1 42. Bd4 Nd2 43. Kg2 Nb3 44. Be3 Rc7 45. Rf5 Rd7 46. Rf4 Rc7
47. h5 Nc5 48. g4 Ne6 49. Ra4 f6 50. f4 Kf7 51. Kf3 Rd7 52. Ra6 Re7 53. Rb6 Rd7
54. Ke4 Nf8 55. Bc5 Ne6 56. Bd6 Ra7 57. Bb4 Rd7 58. Bd6 Ra7 59. Rb8 Rd7 60. Kd5
Nxf4+ 61. Kc6 Rxd6+ 62. Kxd6 Nd3 63. Rb7+ Kf8 64. Ra7 Ne5 65. Ke6 Kg8 66. Ra4
Kh7 67. Ke7 Nf3 68. Kf8 Ng5 69. Ra6 Kh8 70. Ra7 Ne6+ 71. Kf7 Nf4 72. Ra4 Nd3 73.
Ra8+ Kh7 74. Ra7 Nf4 75. Rd7 Kh8 76. Rd4 Nh3 77. Kg6 1-0

[Event "Chess.com Classic Div 1 W"]
[Site "chess.com INT"]
[Date "2024.05.10"]
[Round "1.3"]
[White "Carlsen, Magnus"]
[Black "Ivic, Velimir"]
[Result "1/2-1/2"]
[WhiteTitle "GM"]
[BlackTitle "GM"]
[WhiteElo "2830"]
[BlackElo "2596"]
[WhiteFideId "1503014"]
[BlackFideId "950122"]
[EventDate "2024.05.10"]
[EventType "k.o."]

1. e4 c5 2. Nf3 d6 3. Nc3 Nf6 4. d4 cxd4 5. Qxd4 Nc6 6. Qe3 g6 7. h3 Bg7 8. Bc4
O-O 9. O-O Nd7 10. Rd1 b6 11. Qf4 Bxc3 12. bxc3 Nde5 13. Nxe5 Nxe5 14. Bd5 Rb8
15. Qh4 Be6 16. Bg5 Re8 17. f4 Nc4 18. Bxe6 fxe6 19. f5 Qc7 20. fxg6 hxg6 21.
Qh6 Ne5 22. Bf4 Qxc3 23. Kh1 Rf8 24. Bxe5 Qxe5 25. Qxg6+ Kh8 26. Qh6+ Kg8 27.
Qg6+ Kh8 28. Qh6+ Kg8 29. Qg6+ 1/2-1/2

[Event "Chess.com Classic Div 1 W"]
[Site "chess.com INT"]
[Date "2024.05.10"]
[Round "1.3"]
[White "Keymer, Vincent"]
[Black "Sarana, Alexey"]
[Result "1/2-1/2"]
[WhiteTitle "GM"]
[BlackTitle "GM"]
[WhiteElo "2726"]
[BlackElo "2706"]
[WhiteFideId "12940690"]
[BlackFideId "24133795"]
[EventDate "2024.05.10"]
[EventType "k.o."]

1. d4 Nf6 2. c4 e6 3. Nf3 d5 4. Nc3 Nbd7 5. Bf4 Bb4 6. e3 c5 7. Rc1 Qa5 8. Qb3
dxc4 9. Bxc4 b5 10. Be2 c4 11. Qc2 Bb7 12. O-O O-O 13. Ne5 Nb6 14. Bg3 Rac8 15.
Bh4 Nfd5 16. Nxd5 Nxd5 17. a3 Bd6 18. Bg3 Rfd8 19. Bh5 g6 20. Bf3 Qc7 21. Ng4
Bxg3 22. hxg3 Kg7 23. e4 Nf6 24. Nxf6 Kxf6 25. Qc3 Kg7 26. d5+ e5 27. Bg4 Rb8
28. f4 Re8 29. Rf2 Re7 30. Rcf1 Rf8 31. fxe5 Qxe5 32. d6 Qxc3 33. bxc3 Rxe4 34.
Bf3 f5 35. Rb2 a6 36. a4 Rd8 37. axb5 Rxd6 38. bxa6 Bxa6 39. Bxe4 fxe4 40. Rb8
e3 41. Ra1 Re6 42. Kf1 h5 43. Ke2 Kh6 44. Ra5 Kg7 45. Ra8 Bb7 46. R5a7 Re7 47.
Rc8 Bf3+ 48. gxf3 Rxa7 49. Rxc4 Re7 50. Re4 Rc7 51. c4 Kf6 52. Kxe3 Kf5 53. Rf4+ 1/2-1/2

[Event "Chess.com Classic Div 1 W"]
[Site "chess.com INT"]
[Date "2024.05.10"]
[Round "1.3"]
[White "Lazavik, Denis"]
[Black "Nepomniachtchi, Ian"]
[Result "1-0"]
[WhiteTitle "GM"]
[BlackTitle "GM"]
[WhiteElo "2572"]
[BlackElo "2770"]
[WhiteFideId "13515110"]
[BlackFideId "4168119"]
[EventDate "2024.05.10"]
[EventType "k.o."]

1. d4 Nf6 2. c4 e6 3. Nf3 d5 4. g3 c5 5. cxd5 cxd4 6. dxe6 Bxe6 7. Qxd4 Nc6 8.
Qxd8+ Rxd8 9. Bg2 Nb4 10. Na3 Bc5 11. O-O O-O 12. Bg5 Nxa2 13. Nc2 a5 14. e3 b6
15. Ncd4 Nb4 16. Nxe6 fxe6 17. Rfd1 Nd3 18. Bh3 Rfe8 19. Rd2 Ne5 20. Bxe6+ Kf8
21. Rxd8 Nxf3+ 22. Kg2 Nxg5 23. Rxe8+ Kxe8 24. Bc4 Nge4 25. Bd3 Ke7 26. f4 Bb4
27. Kf3 Nd2+ 28. Ke2 Nb3 29. Rd1 Nc5 30. Bc2 b5 31. Kf3 h6 32. e4 Nfd7 33. e5
Nb6 34. Rd6 Nc4 35. Rg6 Kf7 36. Rc6 Nxb2 37. Bg6+ Ke7 38. Rc7+ Kd8 39. Rxg7 Nc4
40. Bf5 Bc3 41. g4 b4 42. h4 b3 43. g5 hxg5 44. hxg5 b2 45. g6 Nd2+ 46. Ke2 Nde4
47. Bxe4 Nxe4 48. Rb7 Kc8 49. Rb5 Bb4 50. g7 Nc3+ 51. Kf3 Nxb5 52. g8=Q+ Kc7 53.
Qf7+ Kb6 54. Qa2 Bc3 55. e6 Kc6 56. e7 Nd6 57. Qb3 Kd7 58. f5 Kxe7 59. Qe6+ Kf8
60. Qxd6+ Kg8 61. Qe6+ Kh7 62. Qg6+ Kh8 63. f6 1-0

[Event "Chess.com Classic Div 1 W"]
[Site "chess.com INT"]
[Date "2024.05.10"]
[Round "1.4"]
[White "Duda, Jan-Krzysztof"]
[Black "Firouzja, Alireza"]
[Result "0-1"]
[WhiteTitle "GM"]
[BlackTitle "GM"]
[WhiteElo "2734"]
[BlackElo "2738"]
[WhiteFideId "1170546"]
[BlackFideId "12573981"]
[EventDate "2024.05.10"]
[EventType "k.o."]

1. d4 f5 2. Nc3 Nf6 3. Bg5 d5 4. e3 e6 5. Nf3 Nbd7 6. Bd3 h6 7. Bh4 a6 8. Ne2 g5
9. Bg3 Nh5 10. c4 Nxg3 11. hxg3 c6 12. cxd5 cxd5 13. Rc1 Bd6 14. a3 Kf7 15. Qd2
Kg7 16. Qc3 Nf6 17. Ne5 Bd7 18. Qd2 Be8 19. f3 Qb8 20. Kf2 Bxe5 21. dxe5 Qxe5
22. Qb4 Bf7 23. Nd4 Rac8 24. Rc3 a5 25. Qxa5 f4 26. gxf4 gxf4 27. Nc2 fxe3+ 28.
Nxe3 Rxc3 29. Qxc3 d4 30. Nc4 Ng4+ 0-1

[Event "Chess.com Classic Div 1 W"]
[Site "chess.com INT"]
[Date "2024.05.10"]
[Round "1.4"]
[White "Nepomniachtchi, Ian"]
[Black "Lazavik, Denis"]
[Result "1/2-1/2"]
[WhiteTitle "GM"]
[BlackTitle "GM"]
[WhiteElo "2770"]
[BlackElo "2572"]
[WhiteFideId "4168119"]
[BlackFideId "13515110"]
[EventDate "2024.05.10"]
[EventType "k.o."]

1. e4 e5 2. Nf3 Nc6 3. Bb5 Nf6 4. d3 Bc5 5. Nbd2 d6 6. c3 O-O 7. O-O Bb6 8. Re1
Ne7 9. Ba4 Ng6 10. Nc4 h6 11. h3 Be6 12. Nxb6 axb6 13. a3 c5 14. Bc2 d5 15. exd5
Qxd5 16. Be3 Rad8 17. d4 exd4 18. cxd4 c4 19. Bxg6 fxg6 20. Ne5 Bf5 21. Rc1 b5
22. f3 Nd7 23. Bf2 Rfe8 24. Nxd7 Rxe1+ 25. Qxe1 Qxd7 26. Qd2 Bd3 27. Re1 Re8 28.
Rxe8+ Qxe8 29. Bg3 Qe2 30. Qxe2 Bxe2 31. Kf2 Bd3 32. Be5 Kf7 33. d5 g5 34. g4 g6
35. Bd6 c3 36. bxc3 Bc4 37. f4 gxf4 38. Bxf4 g5 1/2-1/2

[Event "Chess.com Classic Div 1 W"]
[Site "chess.com INT"]
[Date "2024.05.11"]
[Round "2.1"]
[White "Carlsen, Magnus"]
[Black "Lazavik, Denis"]
[Result "1-0"]
[WhiteTitle "GM"]
[BlackTitle "GM"]
[WhiteElo "2830"]
[BlackElo "2572"]
[WhiteFideId "1503014"]
[BlackFideId "13515110"]
[EventDate "2024.05.10"]
[EventType "k.o."]

1. d4 Nf6 2. c4 e6 3. Nf3 d5 4. g3 Be7 5. Bg2 O-O 6. O-O dxc4 7. h4 c5 8. dxc5
Bxc5 9. Qc2 Nbd7 10. Nc3 Qc7 11. Bf4 e5 12. Bd2 h6 13. a4 a6 14. Ne4 Nxe4 15.
Qxe4 Rb8 16. a5 b5 17. axb6 Qxb6 18. Bc3 Bb7 19. Qf5 e4 20. Qxd7 exf3 21. Qg4
Qg6 22. Bxf3 Bxf3 23. exf3 Qxg4 24. fxg4 Bb4 25. Rxa6 Bxc3 26. bxc3 Rb3 27. Rc1
Re8 28. Kg2 Re2 29. Rc6 Rbb2 30. Rf1 Rec2 31. Rc8+ Kh7 32. Rxc4 Rb3 33. Rf4 f6
34. Ra1 Rbxc3 35. Raa4 Rc7 36. Rfe4 Rd7 37. Ra5 Rcd2 38. Raa4 Rc2 39. Rf4 Rcd2
40. Rfb4 Re2 41. Rb8 Rdd2 42. Rf4 Re7 43. Rb5 Red7 44. Rff5 Kg6 45. g5 hxg5 46.
hxg5 Re7 47. gxf6 gxf6 48. Rf4 Rd6 49. Rg4+ Kf7 50. Rh5 Re2 51. Rh7+ Ke6 52. Rf4
Ra2 53. g4 Ra5 54. Kg3 Re5 55. Ra4 Rd3+ 56. f3 Ree3 57. Ra6+ Rd6 58. Ra4 Rdd3
59. Rf4 Rd6 60. Rf5 Re5 61. Rxe5+ Kxe5 62. f4+ Ke6 63. f5+ Ke5 64. Re7+ Kd5 65.
g5 fxg5 66. Kg4 Rd8 67. f6 Rg8 68. f7 Rf8 69. Kxg5 Kd6 70. Kf6 1-0

[Event "Chess.com Classic Div 1 W"]
[Site "chess.com INT"]
[Date "2024.05.11"]
[Round "2.1"]
[White "Keymer, Vincent"]
[Black "Duda, Jan-Krzysztof"]
[Result "1/2-1/2"]
[WhiteTitle "GM"]
[BlackTitle "GM"]
[WhiteElo "2726"]
[BlackElo "2734"]
[WhiteFideId "12940690"]
[BlackFideId "1170546"]
[EventDate "2024.05.10"]
[EventType "k.o."]

1. Nf3 Nf6 2. c4 e6 3. Nc3 d5 4. e3 Be7 5. b3 O-O 6. Bb2 c5 7. cxd5 exd5 8. d4
Nc6 9. Be2 Ne4 10. dxc5 Qa5 11. Rc1 Bf6 12. Nd4 Nxc5 13. Nxc6 bxc6 14. O-O Ne4
15. Qc2 Nxc3 16. Bxc3 Bxc3 17. Qxc3 Qxa2 18. Rc2 Qa3 19. Ra1 Qe7 20. Qxc6 Be6
21. Qc5 Qxc5 22. Rxc5 Rab8 23. Rb5 Rxb5 24. Bxb5 Rb8 25. Rxa7 Kf8 26. Ba4 d4 27.
exd4 Bxb3 28. h3 Bxa4 29. Rxa4 Rb1+ 30. Kh2 Rb3 31. g3 h5 32. Kg2 g6 33. h4 Ke7
34. Kf1 Rb2 35. Ke1 Ke6 36. Ra6+ Kd5 37. Ra7 Kxd4 38. Rxf7 Ke5 39. Rf4 Ra2 40.
Kf1 Ke6 41. Kg2 Ra3 42. Rf3 Ra4 43. Rf8 Ke7 44. Rc8 Ra3 45. Rc4 Kf6 46. Re4 Rb3
47. Re3 Rb5 48. Ra3 Kg7 49. Kf3 Rf5+ 50. Ke3 Re5+ 51. Kd4 Re2 52. Rf3 Kg8 53.
Kd3 Ra2 54. Ke4 Kg7 55. Rf4 Re2+ 56. Kf3 Ra2 57. Rd4 Kf6 58. Ke3 Ra6 59. Kf4 Rb6
60. f3 Ra6 61. Rc4 Rb6 62. Ra4 Rc6 63. g4 hxg4 64. fxg4 g5+ 65. hxg5+ Kg6 66.
Ra5 Rc4+ 67. Kg3 Rc1 1/2-1/2

[Event "Chess.com Classic Div 1 W"]
[Site "chess.com INT"]
[Date "2024.05.11"]
[Round "2.2"]
[White "Duda, Jan-Krzysztof"]
[Black "Keymer, Vincent"]
[Result "0-1"]
[WhiteTitle "GM"]
[BlackTitle "GM"]
[WhiteElo "2734"]
[BlackElo "2726"]
[WhiteFideId "1170546"]
[BlackFideId "12940690"]
[EventDate "2024.05.10"]
[EventType "k.o."]

1. c4 Nf6 2. Nc3 e5 3. Nf3 Nc6 4. g3 Bb4 5. Bg2 O-O 6. Nd5 e4 7. Nh4 d6 8. O-O
g5 9. d4 h6 10. Nxb4 Nxb4 11. f3 gxh4 12. Bxh6 h3 13. Bh1 e3 14. Qb3 a5 15. Qxe3
Nh7 16. Bxf8 Qxf8 17. Qd2 Qg7 18. a3 Nc6 19. Rfd1 a4 20. Rac1 f5 21. Rc3 Bd7 22.
Qf4 Nf6 23. Qh4 Re8 24. Kf1 Nh7 25. c5 d5 26. f4 Nf6 27. Qxh3 Ne4 28. Bxe4 Rxe4
29. e3 Ne7 30. Qh5 Kf8 31. b3 axb3 32. Rxb3 Be8 33. Qe2 Ba4 34. Rxb7 Bxd1 35.
Qxd1 Rxe3 36. Qh5 Qg6 37. Qxg6 Nxg6 38. Rxc7 Rxa3 39. Rd7 Ne7 40. Kg2 Ra4 41.
Kh3 Rxd4 42. Kh4 Rc4 43. Kg5 Rxc5 44. h4 Kf7 45. g4 Rc3 46. gxf5 Rg3+ 47. Kh6
Kf6 48. Kh7 Rh3 49. Rd6+ Kf7 0-1

[Event "Chess.com Classic Div 1 W"]
[Site "chess.com INT"]
[Date "2024.05.11"]
[Round "2.2"]
[White "Lazavik, Denis"]
[Black "Carlsen, Magnus"]
[Result "1/2-1/2"]
[WhiteTitle "GM"]
[BlackTitle "GM"]
[WhiteElo "2572"]
[BlackElo "2830"]
[WhiteFideId "13515110"]
[BlackFideId "1503014"]
[EventDate "2024.05.10"]
[EventType "k.o."]

1. d4 d5 2. c4 e6 3. Nf3 a6 4. cxd5 exd5 5. Nc3 h6 6. Bf4 Nf6 7. e3 Bd6 8. Be5
c6 9. Bd3 O-O 10. h3 Re8 11. O-O Bxe5 12. Nxe5 c5 13. a4 cxd4 14. exd4 Nc6 15.
Nxc6 bxc6 16. a5 Rb8 17. Qd2 Ne4 18. Nxe4 dxe4 19. Bc4 Qd6 20. Rfe1 c5 21. d5
Bd7 22. Rac1 f5 23. Qc3 f4 24. Bf1 Rbc8 25. Qb3 e3 26. fxe3 f3 27. e4 f2+ 28.
Kxf2 Qh2 29. Qe3 Rb8 30. b3 Rf8+ 31. Ke2 c4 32. bxc4 Rb2+ 33. Kd3 Qe5 34. Rc3
Ba4 35. Be2 Rf2 36. Qc1 Rxg2 37. Qxb2 Rg3+ 38. Kd2 Qd4+ 39. Bd3 Rxd3+ 40. Rxd3
Qxb2+ 41. Ke3 Bc2 42. Re2 Qc1+ 43. Rdd2 Qg1+ 44. Rf2 Qe1+ 45. Rfe2 Qg1+ 46. Rf2
Ba4 47. c5 Qc1 48. c6 Qc5+ 49. Kf3 Bb5 50. Rc2 Qa3+ 51. Kg2 Bd3 52. c7 Bxe4+ 53.
Kh2 Qd6+ 54. Kg1 Qg3+ 55. Rg2 Qe3+ 56. Kh2 Qf4+ 57. Rg3 Bf5 58. c8=Q+ Bxc8 59.
Rxc8+ Kh7 60. Rc3 Qd2+ 61. Kg1 Qxd5 62. Ra3 g5 63. Rgd3 Qc5+ 64. Kg2 Kg6 65.
Rdc3 Qd5+ 66. Rf3 Kh5 67. Kg3 Qd4 68. Kg2 Kh4 69. Rg3 h5 70. Rgf3 g4 71. hxg4
hxg4 72. Rg3 Qd2+ 73. Kf1 Kg5 74. Rgd3 Qc1+ 75. Kg2 Qb2+ 76. Kf1 Qb4 77. Kg2 Kf4
78. Kf2 Qb2+ 79. Kf1 Ke4 80. Rg3 Qc1+ 81. Kf2 Qd2+ 82. Kf1 Kf4 83. Rgd3 Qc1+ 84.
Kf2 1/2-1/2

[Event "Chess.com Classic Div 1 W"]
[Site "chess.com INT"]
[Date "2024.05.11"]
[Round "2.3"]
[White "Carlsen, Magnus"]
[Black "Lazavik, Denis"]
[Result "1/2-1/2"]
[WhiteTitle "GM"]
[BlackTitle "GM"]
[WhiteElo "2830"]
[BlackElo "2572"]
[WhiteFideId "1503014"]
[BlackFideId "13515110"]
[EventDate "2024.05.10"]
[EventType "k.o."]

1. e4 e5 2. Nf3 Nc6 3. Bb5 Nf6 4. O-O Nxe4 5. d4 Nd6 6. dxe5 Nxb5 7. a4 Nbd4 8.
Nxd4 d5 9. exd6 Nxd4 10. Qxd4 Qxd6 11. Qe4+ Qe6 12. Qd4 Qd6 13. Qe3+ Be6 14. Nc3
a6 15. Rd1 Qc6 16. Qg3 Bd6 17. Bf4 Bxf4 18. Qxf4 O-O 19. Rd4 Rad8 20. Rad1 Rxd4
21. Rxd4 h6 22. h3 Qb6 23. b3 Qc5 24. Qd2 Re8 25. Nd1 Qg5 26. Qxg5 hxg5 27. Ne3
f6 28. a5 Kf7 29. Kf1 f5 30. Rb4 f4 31. Ng4 Bc8 32. Rc4 c6 33. Rc5 Bxg4 34. hxg4
Kf6 35. Rf5+ Kg6 36. Rc5 Kf6 37. Rf5+ Kg6 38. c4 Re7 39. Rf8 Re5 40. Rb8 Re7 41.
Rf8 Re5 42. Rb8 Re7 43. Rf8 1/2-1/2

[Event "Chess.com Classic Div 1 W"]
[Site "chess.com INT"]
[Date "2024.05.11"]
[Round "2.4"]
[White "Lazavik, Denis"]
[Black "Carlsen, Magnus"]
[Result "1/2-1/2"]
[WhiteTitle "GM"]
[BlackTitle "GM"]
[WhiteElo "2572"]
[BlackElo "2830"]
[WhiteFideId "13515110"]
[BlackFideId "1503014"]
[EventDate "2024.05.10"]
[EventType "k.o."]

1. d4 d5 2. Nf3 Nf6 3. Bf4 Bf5 4. c4 e6 5. Qb3 dxc4 6. Qxb7 Be4 7. Qxc7 Bb4+ 8.
Nbd2 Qxc7 9. Bxc7 Ke7 10. a3 c3 11. bxc3 Bxc3 12. Rc1 Bb2 13. Bd6+ Kxd6 14. Nc4+
Ke7 15. Nxb2 Nbd7 16. Nd2 Rhc8 17. Nbc4 Nb6 18. f3 Bd5 19. e4 Bxc4 20. Bxc4 Rc6
21. Ke2 Rac8 22. Kd3 e5 23. d5 Rc5 24. Rc2 Nfd7 25. Bb3 Rxc2 26. Bxc2 Nc5+ 27.
Ke3 Ne6 28. dxe6 Rxc2 29. exf7 Rc3+ 30. Ke2 Rxa3 31. Rc1 Kxf7 32. Rc7+ Kf6 33.
g3 Ra2 34. f4 exf4 35. gxf4 h6 36. Rc6+ Kf7 37. f5 Nd7 38. Rc7 Ke7 39. Ke3 Kd6
40. Rc8 Ne5 41. Nc4+ Nxc4+ 42. Rxc4 Rxh2 43. Ra4 Ke7 44. Kf4 Rf2+ 45. Ke5 Rb2
46. Rxa7+ Kf8 47. Kf4 Rb4 48. Kf3 Rb3+ 49. Kg4 Rb4 50. Kf4 Rc4 51. Ke5 Rc6 52.
Kd5 Rf6 53. e5 Rxf5 54. Ke6 g6 55. Kd6 Rf1 56. e6 Rd1+ 57. Ke5 Re1+ 58. Kf6 Rf1+
59. Kxg6 Ke8 60. Rf7 Rxf7 61. exf7+ Kf8 62. Kxh6 Kxf7 1/2-1/2

[Event "Chess.com Classic Div 1 W"]
[Site "chess.com INT"]
[Date "2024.05.12"]
[Round "3.2"]
[White "Keymer, Vincent"]
[Black "Carlsen, Magnus"]
[Result "1/2-1/2"]
[WhiteTitle "GM"]
[BlackTitle "GM"]
[WhiteElo "2726"]
[BlackElo "2830"]
[WhiteFideId "12940690"]
[BlackFideId "1503014"]
[EventDate "2024.05.10"]
[EventType "k.o."]

1. Nf3 d5 2. e3 Nf6 3. c4 c6 4. Nc3 Nbd7 5. Qc2 e5 6. cxd5 Nxd5 7. Bc4 Nxc3 8.
bxc3 Bd6 9. d4 Qe7 10. e4 b5 11. Bd3 O-O 12. O-O Rb8 13. a4 a6 14. Rb1 h6 15.
Be3 Re8 16. h3 Bb7 17. Rfe1 Ba8 18. c4 exd4 19. Nxd4 Bc5 20. cxb5 cxb5 21. axb5
axb5 22. Rxb5 Rxb5 23. Nxb5 Bxe4 24. Bxc5 Qxc5 25. Nc3 f5 26. Nxe4 fxe4 27. Rxe4
Rxe4 28. Bxe4 Qxc2 29. Bxc2 Kf7 30. Kf1 Kf6 31. Ke2 Ke5 32. Ke3 g5 33. g3 Nf6
34. Bb3 Ne8 35. Ba4 Nf6 36. Bc6 Kd6 37. Bb7 Ke5 38. Kf3 Kf5 39. Ba6 Ke5 40. Bd3
Kd4 41. Bb1 Ke5 42. h4 gxh4 43. gxh4 Nd5 44. Kg4 Nf6+ 45. Kg3 Nh5+ 46. Kf3 Nf6
47. Bc2 Nd5 48. Kg3 Nf6 49. Bg6 Nd5 50. Bf7 Nf6 51. f3 Ne4+ 52. fxe4 Kxe4 53.
Kg4 Ke5 54. Kh5 Kf6 55. Ba2 Kg7 56. Bb1 Kh8 57. Kxh6 Kg8 58. h5 Kh8 59. Kg6 Kg8
60. h6 Kh8 61. h7 1/2-1/2

[Event "Chess.com Classic Div 1 W"]
[Site "chess.com INT"]
[Date "2024.05.12"]
[Round "3.3"]
[White "Carlsen, Magnus"]
[Black "Keymer, Vincent"]
[Result "1/2-1/2"]
[WhiteTitle "GM"]
[BlackTitle "GM"]
[WhiteElo "2830"]
[BlackElo "2726"]
[WhiteFideId "1503014"]
[BlackFideId "12940690"]
[EventDate "2024.05.10"]
[EventType "k.o."]

1. e4 e5 2. Nf3 Nc6 3. Bb5 a6 4. Ba4 Nf6 5. O-O Be7 6. Re1 b5 7. Bb3 O-O 8. a4
b4 9. d3 Rb8 10. Nbd2 Bc5 11. Nc4 d6 12. Be3 Bxe3 13. fxe3 Ne7 14. Rf1 Ng6 15.
Qe1 h6 16. Na5 Qe8 17. Nh4 Kh7 18. Qg3 Be6 19. Bxe6 fxe6 20. Qxg6+ Qxg6 21. Nxg6
Kxg6 22. Nc6 Rb6 23. Na5 d5 24. exd5 exd5 25. Rf3 Re8 26. Raf1 c5 27. Rg3+ Kh7
28. e4 dxe4 29. dxe4 Nxe4 30. Re3 Nd6 31. Rd1 Nf5 32. Re4 Rd6 33. Rxd6 Nxd6 34.
Re1 e4 35. Kf2 Re6 36. Rd1 Nf5 37. c3 bxc3 38. bxc3 Rf6 39. Ke2 Rb6 40. Nc4 Rb3
41. Kd2 Rb7 42. Re1 Re7 43. g3 h5 44. Rb1 Rd7+ 45. Kc2 Re7 46. Kd2 g6 47. Ke2 e3
48. Rd1 Kh6 49. Rd5 Re4 50. Rxc5 h4 51. gxh4 Rxh4 52. Kd3 Rxh2 53. Re5 Kg5 54.
Re6 Rh1 55. Rxa6 Rd1+ 56. Ke2 Rc1 57. Nxe3 Nxe3 58. Kxe3 Rxc3+ 59. Kd4 Ra3 60.
Kc4 Kf5 61. Kb4 Ra1 62. Ra8 g5 63. a5 g4 64. a6 g3 65. a7 Kf4 66. Rf8+ Ke3 67.
a8=Q Rxa8 68. Rxa8 g2 69. Rg8 Kf2 70. Rxg2+ Kxg2 1/2-1/2